000 00278nam a22001217a 4500
008 190304b xxu||||| |||| 00| 0 eng d
041 _aeng
080 _a574
100 _a9
101 _aMJE
245 _aEvolutionary Ecology and Human Behavior
_cSmith, E.A
942 _2udc
_cBK
999 _c54446
_d54446